00709nam a2200253Ia 4500008004000000020001800040041000800058082001600066100002200082245004200104250000500146260003600151300001100187650001300198650001700211650000700228650001200235650000700247650000600254690001700260906001100277999001900288952014800307210210b2007 xxu||||| |||| 00| 0 eng d a9788125031598 aeng a616.96 PANT aPANJARATHINAM (R) aTextbook of medical parasitology Ed 2 a aHyderabadbOrient Longmanc2007 aix,381 aTextbook aparasitology aof amedical aEd a2 aParasitology a064730 c141578d141578 001040708ZoologyaALbALcMedical Scienced2021-02-17eBharath Bookmarkg375.00l0o616.96 PANTp064730r2021-02-17 00:00:00w2021-02-17yBK